Loading...
| Religion | 0 | 4 | 1 | 1 | 35 | 100 | 108.75 | 0 | 0 | 2.76 | 15.45 |
| History - Other | 0 | 3 | 0 | 2 | 30 | 77 | 106.67 | 0 | 1 | 3.33 | 12.50 |
| Philosophy | 0 | 3 | 2 | 0 | 20 | 34 | 82.67 | 0 | 1 | 9.04 | 17.95 |
| Current Events | 0 | 2 | 0 | 0 | 20 | 71 | 78.50 | 0 | 0 | 24.29 | 27.50 |
| History - European | 0 | 2 | 1 | 0 | 15 | 73 | 75.50 | 0 | 2 | 6.82 | 12.50 |
| Fine Arts - Painting and Sculpture | 0 | 1 | 0 | 0 | 10 | 90 | 90.00 | 0 | 1 | 2.70 | 6.36 |
| Science - Other | 0 | 1 | 0 | 0 | 10 | 101 | 101.00 | 0 | 1 | 1.69 | 7.95 |
| Science - Biology | 0 | 1 | 0 | 0 | 10 | 78 | 78.00 | 0 | 1 | 2.53 | 3.41 |
| History - American | 0 | 1 | 0 | 0 | 10 | 51 | 51.00 | 0 | 1 | 5.29 | 6.36 |
| Science - Physics | 0 | 1 | 1 | 0 | 5 | 86 | 86.00 | 0 | 1 | 2.35 | 8.18 |
| Mythology | 0 | 1 | 1 | 0 | 5 | 104 | 104.00 | 0 | 0 | 1.53 | 0.91 |
| Science - Chemistry | 0 | 0 | 0 | 0 | 0 | 0.00 | 0 | 0 | 0.00 | 0.00 | |
| Fine Arts - Other | 0 | 0 | 0 | 0 | 0 | 0.00 | 0 | 0 | 0.00 | 0.00 | |
| History - World | 0 | 0 | 1 | 0 | -5 | 0.00 | 0 | 0 | 0.00 | 0.00 |